000 01163nam a22003737a 4500
001 BR7802806
003 BR-BrBNA
005 20230928085602.0
007 ta
008 230509b bl.||||| |||| 00| 0 por d
040 _aBR-BrBNA
_bpor
_cBiblioteca Nacional de Agricultura
041 _a(Por)
072 _aE70; Q10; F00
_b/G514
090 _ E70 BR7802806
110 1 _aBanco Nacional de Credito Cooperativo S.A., Brasilia, DF (Brasil)
_91201
245 1 _aSubprograma de armazenagem intermediaria a nivel de cooperativa [Rio Grande do Sul; Santa Catarina; Parana; Mato Grosso; Goias; Producao vegetal; Brasil]
260 3 _aBrasilia, DF (Brasil):
_cJul 1977.
300 _a96 p.
500 _a39 tables; 12 ref.
650 _aComercializacao
650 _aTecnologia de alimento
650 _aProducao vegetal
650 _aDesenvolvimento comercial
650 _aCooperativa mercantil
650 _aArmazenamento de alimento
650 _aPreco
650 _aRio Grande do Sul
650 _aSanta Catarina
650 _aParana
650 _aMato Grosso
650 _aGoias
909 _a202309
_bLucia
_c55
_dLucia Elande
942 _cBK
999 _c25230
_d25230